00438pab a2200133 454500008004000000100002300040245013600063260000900199300001500208362000800223650002000231700002100251773003200272180718b2012 xxu||||| |||| 00| 0 eng d aPandey, Alok Kumar aInequality, decomposition of inequality and stationarity of state domestic product: An empirical evidence from twenty Indian states c2012 ap.571-645. aApr aEconomic growth aDixit, Annapurna aIndian Journal of Economics